Nelly Furtado Charting Songs (Billboard Hot 100) - Statistics

General Stats
  • This quiz has been taken 36 times
  • The average score is 6 of 12
Answer Stats
Album Weeks On Peak Artist(s) Song % Correct
Loose 30 Weeks #1 (1 Week) Nelly Furtado Say It Right
90%
Loose 26 Weeks #1 (6 Weeks) Nelly Furtado ft. Timbaland Promiscuous
83%
Shock Value 26 Weeks #1 (2 Weeks) Timbaland ft. Nelly Furtado & Justin Timberlake Give It To Me
77%
Loose 20 Weeks #16 Nelly Furtado Maneater
77%
Whoa, Nelly! 24 Weeks #9 Nelly Furtado I'm Like a Bird
73%
Whoa, Nelly! 25 Weeks #5 Nelly Furtado Turn Off the Light
37%
Loose 4 Weeks #86 Nelly Furtado All Good Things (Come To An End)
33%
Loose 1 Week #88 Nelly Furtado Do It
30%
R.O.O.T.S. 6 Weeks #54 Flo Rida ft. Nelly Furtado Jump
30%
Non-Album Single 1 Week #84 Timbaland, Nelly Furtado & Justin Timberlake Keep Going Up
30%
Shock Value II 2 Weeks #61 Timbaland ft. Nelly Furtado & SoShy Morning After Dark
30%
Country, God or the Girl 2 Weeks #92 K'naan ft. Nelly Furtado Is Anybody Out There?
13%
No matching quizzes found
Score Distribution
Percent of People with Each Score
Percentile by Number Answered
Your Score History
You have not taken this quiz